| 000 | 01747cam a2200373 a 4500 | ||
|---|---|---|---|
| 999 |
_c330205 _d330205 |
||
| 001 | 12354065 | ||
| 003 | NUST | ||
| 005 | 20170613131512.0 | ||
| 008 | 010321s2000 enkab b 001 0deng d | ||
| 010 | _a 2001267501 | ||
| 020 | _a1860646166 | ||
| 035 | _a(OCoLC)ocm45741200 | ||
| 040 |
_aORX _cORX _dEMU _dDLC |
||
| 042 | _alccopycat | ||
| 043 | _af-rw--- | ||
| 050 | 0 | 0 |
_aDT450.435 _b.K44 2000 |
| 082 | 0 | 0 |
_a967.57104 _221 _bKHA 2000 |
| 100 | 1 |
_aKhan, Shaharyar M. _92574 |
|
| 245 | 1 | 4 |
_aThe shallow graves of Rwanda / _cShaharyar M. Khan ; foreword by Mary Robinson. |
| 260 |
_aLondon ; _aNew York : _bI.B. Tauris, _c2000. |
||
| 300 |
_axi, 228 p. : _bill., map ; _c24 cm. |
||
| 500 | _aacc no 2865,2866 are photocopy | ||
| 504 | _aIncludes bibliographical references (p. 220) and index. | ||
| 600 | 1 | 0 |
_aKhan, Shaharyar M. _92574 |
| 650 | 0 |
_aGenocide _zRwanda _xHistory _y20th century. _92575 |
|
| 650 | 0 |
_aTutsi (African people) _xCrimes against _zRwanda _xHistory _y20th century. _92576 |
|
| 650 | 0 |
_aHutu (African people) _zRwanda _xPolitics and government _y20th century. _92577 |
|
| 651 | 0 |
_aRwanda _xHistory _yCivil War, 1994 _vPersonal narratives. _92578 |
|
| 651 | 0 |
_aRwanda _xEthnic relations _xHistory _y20th century. _92579 |
|
| 856 | 4 | 2 |
_3Contributor biographical information _uhttp://www.loc.gov/catdir/bios/hol056/2001267501.html |
| 856 | 4 | 2 |
_3Publisher description _uhttp://www.loc.gov/catdir/description/hol052/2001267501.html |
| 856 | 4 | 1 |
_3Table of contents _uhttp://www.loc.gov/catdir/toc/hol051/2001267501.html |
| 906 |
_a7 _bcbc _ccopycat _d2 _encip _f20 _gy-gencatlg |
||
| 942 |
_2ddc _cBK |
||